[Event "Haarlem op"]
[Site "Haarlem"]
[Date "2008.06.27"]
[Round "1"]
[White "Mulder, Bart Piet"]
[Black "Leinwand, Eduard"]
[Result "1/2-1/2"]
[WhiteElo "2203"]
[BlackElo "1744"]
[PlyCount "88"]
[EventDate "2008.06.27"]
[EventType "swiss"]
[EventRounds "5"]
[EventCountry "NED"]
[SourceTitle "CBM 125 Extra"]
[Source "ChessBase"]
[SourceDate "2008.09.01"]
[SourceVersion "1"]
[SourceVersionDate "2008.09.01"]
[SourceQuality "1"]

1. c4 Nf6 2. Nc3 g6 3. Nf3 d5 4. cxd5 Nxd5 5. g3 Bg7 6. Bg2 0-0 7. 0-0 Nc6 8. d4 Nb6 9. e3 h6 10. Ne1 e5 11. d5 Na5 12. e4 Nac4 13. b3 Nd6 14. Ba3 f5 15. Qe2 Bd7 16. Nd3 fxe4 17. Nc5 e3 18. Qxe3 a5 19. Rad1 a4 20. Ne6 Bxe6 21. dxe6 axb3 22. Bxd6 cxd6 23. axb3 Nc8 24. Qd3 Qf6 25. Nd5 Qg5 26. h4 Qd8 27. Ne3 Qe8 28. Bxb7 Rb8 29. Bxc8 Rxc8 30. Qxd6 Rc6 31. Qd5 Qxe6 32. b4 Qxd5 33. Rxd5 Rb8 34. b5 Rcb6 35. Rb1 Kf7 36. Nc4 Re6 37. b6 Ke7 38. b7 Rc6 39. Nxe5 Bxe5 40. Rxe5+ Kd6 41. Rbb5 Rxb7 42. Rbd5+ Kc7 43. Re7+ Kb6 44. Rxb7+ Kxb7 1/2-1/2

[Event "Haarlem AKN op 09th"]
[Site "Haarlem"]
[Date "2000.07.01"]
[Round "4"]
[White "Mulder, Bart Piet"]
[Black "Weiler, Wolfgang"]
[Result "0-1"]
[WhiteElo "2244"]
[BlackElo "2077"]
[PlyCount "120"]
[EventDate "2000.06.30"]
[EventType "swiss"]
[EventRounds "6"]
[EventCountry "NED"]
[SourceTitle "EXT 2001"]
[Source "ChessBase"]
[SourceDate "2000.11.22"]
[SourceVersion "1"]
[SourceVersionDate "2000.11.22"]
[SourceQuality "1"]

1. Nf3 d6 2. d4 Bg4 3. e4 Nf6 4. Nc3 e6 5. Be2 d5 6. Bg5 Be7 7. e5 Nfd7 8. Bxe7 Qxe7 9. 0-0 a6 10. Ne1 Bxe2 11. Nxe2 c5 12. c3 Nc6 13. f4 f5 14. exf6 Qxf6 15. Nf3 0-0 16. Qd2 cxd4 17. Nexd4 Nxd4 18. Nxd4 Nc5 19. f5 Ne4 20. Qd3 exf5 21. Rxf5 Qd6 22. Rd1 g6 23. Rxf8+ Rxf8 24. Ne2 Rf2 25. Ng3 Qb6 26. Qxd5+ Rf7+ 27. Qd4 Qxd4+ 28. Rxd4 Nxg3 29. hxg3 Kg7 30. a4 g5 31. Rd6 Kf8 32. Rb6 Ke8 33. a5 Kd8 34. c4 Kc7 35. b4 Rd7 36. Kf2 Rd4 37. c5 h5 38. Ke3 Rg4 39. Kf3 Rc4 40. Ke3 Rc3+ 41. Kf2 Rc4 42. Kg1 Rc1+ 43. Kh2 Rc4 44. Rg6 g4 45. Rb6 Rc1 46. Rh6 Rc4 47. Rxh5 Rxb4 48. Kg1 Kc6 49. Kf2 Rb5 50. Rg5 Rxa5 51. Rxg4 Rxc5 52. Rg6+ Kb5 53. g4 a5 54. g5 a4 55. Rg8 a3 56. Kf3 Kb4 57. g6 Rg5 58. g7 a2 59. Ra8 Kb3 60. g4 b5 0-1

[Event "FRA-chT"]
[Site "France"]
[Date "1999.??.??"]
[Round "9"]
[White "Fressinet, Laurent"]
[Black "Mulder, Bart Piet"]
[Result "1-0"]
[WhiteElo "2424"]
[BlackElo "2235"]
[PlyCount "47"]
[EventDate "1999.02.??"]
[EventType "team"]
[EventRounds "11"]
[EventCountry "FRA"]
[SourceTitle "EXT 2000"]
[Source "ChessBase"]
[SourceDate "1999.11.16"]
[SourceVersion "1"]
[SourceVersionDate "1999.11.16"]
[SourceQuality "1"]

1. e4 c6 2. d4 d5 3. Nc3 dxe4 4. Nxe4 Bf5 5. Ng3 Bg6 6. Bc4 e6 7. N1e2 Nf6 8. 0-0 Bd6 9. f4 Qd7 10. Bd3 Bxd3 11. Qxd3 g6 12. f5 exf5 13. Bg5 Be7 14. Rae1 Na6 15. Nxf5 gxf5 16. Ng3 Nb4 17. Qc4 0-0-0 18. Nxf5 b5 19. Qxf7 Bd6 20. Qxd7+ Rxd7 21. Bxf6 Rf8 22. Nxd6+ Rxd6 23. Be7 Rxf1+ 24. Rxf1 1-0

[Event "FRA-chT"]
[Site "France"]
[Date "1999.??.??"]
[Round "3"]
[White "Mulder, Bart Piet"]
[Black "Zangrilli, David"]
[Result "1/2-1/2"]
[WhiteElo "2235"]
[BlackElo "2243"]
[PlyCount "75"]
[EventDate "1999.02.??"]
[EventType "team"]
[EventRounds "11"]
[EventCountry "FRA"]
[SourceTitle "EXT 2000"]
[Source "ChessBase"]
[SourceDate "1999.11.16"]
[SourceVersion "1"]
[SourceVersionDate "1999.11.16"]
[SourceQuality "1"]

1. Nf3 Nf6 2. g3 d5 3. Bg2 g6 4. 0-0 Bg7 5. d4 0-0 6. c4 c6 7. Qb3 Qb6 8. Nc3 Qxb3 9. axb3 e6 10. Bf4 Nbd7 11. Rfd1 Re8 12. c5 Nh5 13. Bd6 Bf8 14. Bxf8 Nxf8 15. b4 f6 16. b5 Bd7 17. bxc6 Bxc6 18. b4 a6 19. Nd2 f5 20. Nb3 Rab8 21. e3 Rec8 22. Bf1 Nf6 23. f3 Ne8 24. Na5 Bd7 25. Na4 Nc7 26. Nb6 Re8 27. Nxd7 Nxd7 28. Rdb1 b5 29. cxb6 Rxb6 30. Rc1 Nb5 31. Bxb5 Rxb5 32. Rc7 Nb8 33. Rac1 Rxb4 34. Nb7 Rb6 35. Rc8 Rxc8 36. Rxc8+ Kg7 37. Rxb8 a5 38. Ra8 1/2-1/2

[Event "FRA-chT"]
[Site "France"]
[Date "1998.05.11"]
[Round "11"]
[White "Touzane, Olivier"]
[Black "Mulder, Bart Piet"]
[Result "0-1"]
[WhiteElo "2350"]
[BlackElo "2210"]
[PlyCount "106"]
[EventDate "1998.02.06"]
[EventType "team"]
[EventRounds "11"]
[EventCountry "FRA"]
[SourceTitle "CBM 064 Extra"]
[Source "ChessBase"]
[SourceDate "1998.07.07"]
[SourceVersion "1"]
[SourceVersionDate "1998.07.07"]
[SourceQuality "1"]

1. d4 d5 2. c4 dxc4 3. Nf3 Nf6 4. e3 Bg4 5. Bxc4 e6 6. Nbd2 a6 7. h3 Bh5 8. g4 Bg6 9. Ne5 Nbd7 10. Nxg6 hxg6 11. Qb3 Nb6 12. Be2 c5 13. dxc5 Bxc5 14. Bf3 Qc7 15. g5 Nfd7 16. Ne4 Bb4+ 17. Kf1 Rc8 18. a3 Be7 19. Bd2 Qc2 20. Qxc2 Rxc2 21. b3 f5 22. gxf6 gxf6 23. Bd1 Rc8 24. Bc1 f5 25. Bb2 Rh7 26. Nd2 Bf6 27. Bxf6 Nxf6 28. Nf3 Rhc7 29. Ne5 Rc1 30. Rxc1 Rxc1 31. Kg2 Ra1 32. a4 Ne4 33. Nxg6 Ra2 34. Rf1 Nd5 35. Kg1 b5 36. axb5 axb5 37. Ne5 Ke7 38. h4 Kf6 39. Nd3 Rd2 40. Nc1 Nxf2 41. Rxf2 Rxd1+ 42. Rf1 Rxf1+ 43. Kxf1 Nxe3+ 44. Kf2 Nd5 45. Nd3 e5 46. Nc5 e4 47. Kg3 Ke5 48. h5 f4+ 49. Kh4 Nf6 50. h6 Kf5 51. b4 e3 52. Nb3 Kg6 53. Kh3 e2 0-1

[Event "FRA-chT"]
[Site "France"]
[Date "1998.04.05"]
[Round "7"]
[White "Mulder, Bart Piet"]
[Black "Simon, Gerard"]
[Result "1-0"]
[WhiteElo "2210"]
[BlackElo "2165"]
[PlyCount "85"]
[EventDate "1998.02.06"]
[EventType "team"]
[EventRounds "11"]
[EventCountry "FRA"]
[SourceTitle "CBM 064 Extra"]
[Source "ChessBase"]
[SourceDate "1998.07.07"]
[SourceVersion "1"]
[SourceVersionDate "1998.07.07"]
[SourceQuality "1"]

1. Nf3 g6 2. e4 c6 3. d3 d5 4. Nbd2 Bg7 5. g3 Nf6 6. Bg2 0-0 7. 0-0 Bg4 8. Re1 Na6 9. e5 Nd7 10. h3 Bxf3 11. Nxf3 e6 12. Bf4 c5 13. Qd2 Re8 14. Nh2 Nb4 15. Ng4 Qe7 16. Bg5 Qf8 17. Nf6+ Nxf6 18. exf6 Bh8 19. c3 Nc6 20. h4 Qd6 21. a3 e5 22. b4 cxb4 23. axb4 b6 24. Qa2 Rad8 25. b5 Na5 26. h5 Re6 27. Bh3 Ree8 28. hxg6 hxg6 29. Bg2 Re6 30. c4 dxc4 31. dxc4 Bxf6 32. Bxf6 Rxf6 33. Bd5 Kg7 34. Kg2 Re8 35. Rh1 e4 36. Rae1 Qc5 37. Qb2 Nxc4 38. Rh7+ Kxh7 39. Qxf6 Re5 40. Rh1+ Rh5 41. Rxh5+ gxh5 42. Qxf7+ Kh6 43. Bxc4 1-0

[Event "Haarlem AKN op 06th"]
[Site "Haarlem"]
[Date "1997.??.??"]
[Round "1"]
[White "Mulder, Bart Piet"]
[Black "Jonkman, Harmen"]
[Result "0-1"]
[WhiteElo "2100"]
[BlackElo "2320"]
[PlyCount "76"]
[EventDate "1997.06.26"]
[EventType "swiss"]
[EventRounds "6"]
[EventCountry "NED"]
[SourceTitle "EXT 2001"]
[Source "ChessBase"]
[SourceDate "2000.11.22"]
[SourceVersion "1"]
[SourceVersionDate "2000.11.22"]
[SourceQuality "1"]

1. Nf3 d5 2. g3 Nf6 3. Bg2 c6 4. 0-0 Bg4 5. b3 Nbd7 6. Bb2 e6 7. d3 Bc5 8. Nbd2 0-0 9. h3 Bf5 10. Qe1 Bg6 11. e4 dxe4 12. dxe4 Qc7 13. e5 Nd5 14. Ne4 Be7 15. a3 b5 16. Qe2 c5 17. c4 bxc4 18. bxc4 N5b6 19. a4 Rab8 20. Bc3 Nc8 21. Rfd1 Rd8 22. a5 a6 23. Qe3 Na7 24. Qf4 Nc6 25. h4 Nf8 26. Nd6 Rb3 27. Rac1 Ra3 28. g4 h5 29. gxh5 Bxh5 30. Ng5 Bxg5 31. hxg5 Ng6 32. Qe4 Bxd1 33. Qxc6 Qxc6 34. Bxc6 Nf4 35. Rxd1 Rxc3 36. Be8 Nh3+ 37. Kg2 Nxg5 38. Rb1 Kf8 0-1